<?xml version="1.0" encoding="UTF-8"?>
<record
    xmlns:xsi="http://www.w3.org/2001/XMLSchema-instance"
    xsi:schemaLocation="http://www.loc.gov/MARC21/slim http://www.loc.gov/standards/marcxml/schema/MARC21slim.xsd"
    xmlns="http://www.loc.gov/MARC21/slim">

  <leader>02559nam a2200301Ka 4500</leader>
  <controlfield tag="001">000001585</controlfield>
  <controlfield tag="003">DO-SdBNP</controlfield>
  <controlfield tag="005">20240229173356.0</controlfield>
  <controlfield tag="008">090623t2007    dr abcd       001 0 spa d</controlfield>
  <datafield tag="020" ind1=" " ind2=" ">
    <subfield code="a">9789945000993</subfield>
  </datafield>
  <datafield tag="020" ind1=" " ind2=" ">
    <subfield code="a">9945000993</subfield>
  </datafield>
  <datafield tag="040" ind1=" " ind2=" ">
    <subfield code="a">DO-SdBNP</subfield>
    <subfield code="b">spa</subfield>
    <subfield code="c">BNPHU</subfield>
  </datafield>
  <datafield tag="090" ind1=" " ind2=" ">
    <subfield code="a">972.93697</subfield>
    <subfield code="b">C343m</subfield>
  </datafield>
  <datafield tag="100" ind1="1" ind2=" ">
    <subfield code="a">Cass&#xE1; Bernaldo de Quir&#xF3;s, Constancio,</subfield>
    <subfield code="d">1953-</subfield>
    <subfield code="9">5204</subfield>
  </datafield>
  <datafield tag="245" ind1="1" ind2="0">
    <subfield code="a">M&#xE1;s relatos sobre Constanza /</subfield>
    <subfield code="c">Constancio Cass&#xE1; ; presentaci&#xF3;n Bernardo Vega.</subfield>
  </datafield>
  <datafield tag="260" ind1=" " ind2=" ">
    <subfield code="a">Santo Domingo :</subfield>
    <subfield code="b">Ayuntamiento Municipal de Constanza,</subfield>
    <subfield code="c">2007.</subfield>
  </datafield>
  <datafield tag="300" ind1=" " ind2=" ">
    <subfield code="a">273 p. :</subfield>
    <subfield code="b">il.,facs&#xED;ms., retrs.,tablas ;</subfield>
    <subfield code="c">24 cm.</subfield>
  </datafield>
  <datafield tag="500" ind1=" " ind2=" ">
    <subfield code="a">Incluye &#xED;ndice onom&#xE1;stico.</subfield>
  </datafield>
  <datafield tag="504" ind1=" " ind2=" ">
    <subfield code="a">Incluye bibliograf&#xED;a y notas al pie de p&#xE1;ginas.</subfield>
  </datafield>
  <datafield tag="504" ind1=" " ind2=" ">
    <subfield code="a">Bibliograf&#xED;a : p. 241-246.</subfield>
  </datafield>
  <datafield tag="505" ind1="0" ind2=" ">
    <subfield code="g">Presentaci&#xF3;n /</subfield>
    <subfield code="r">Bernardo Vega --</subfield>
    <subfield code="g">Introducci&#xF3;n --</subfield>
    <subfield code="g">Los Colonos Inmigrantes :</subfield>
    <subfield code="t">Las primeras colonias agr&#xED;colas --</subfield>
    <subfield code="t">Las motivaciones de Trujillo para establecer colonias agr&#xED;colas --</subfield>
    <subfield code="t">Inician las colonias --</subfield>
    <subfield code="t">Los inmigrantes en Constanza --</subfield>
    <subfield code="t">Los &#xE1;rabes --</subfield>
    <subfield code="t">Los espa&#xF1;oles --</subfield>
    <subfield code="t">Los japoneses --</subfield>
    <subfield code="t">Los h&#xFA;ngaros --</subfield>
    <subfield code="t">Resultados de la pol&#xED;tica migratoria de Trujillo --</subfield>
    <subfield code="g">Estad&#xED;sticas de la Poblaci&#xF3;n de Constanza, Siglo XIX :</subfield>
    <subfield code="t">Las familias se establecen --</subfield>
    <subfield code="g">La Legi&#xF3;n Extranjera Anticomunista :</subfield>
    <subfield code="t">Se anuncia la creaci&#xF3;n de la Legi&#xF3;n Extranjera Anticomunista --</subfield>
    <subfield code="t">Se organiza la legi&#xF3;n extranjera --</subfield>
    <subfield code="t">Se contratan los legionarios --</subfield>
    <subfield code="t">&#xBF;Qui&#xE9;nes eran Cesen, Bogetich, Pedraza y Salas? --</subfield>
    <subfield code="t">Los legionarios se establecen en Constanza --</subfield>
    <subfield code="t">Los legionarios quieren escapar --</subfield>
    <subfield code="t">Trascienden las desapariciones de legionarios --</subfield>
    <subfield code="t">Trujillo naturaliza legionarios --</subfield>
    <subfield code="t">Empieza el combate --</subfield>
    <subfield code="t">Se condecora a los legionarios --</subfield>
    <subfield code="t">Los que se negaron a luchar --</subfield>
    <subfield code="t">La legi&#xF3;n se fortalece --</subfield>
    <subfield code="t">Constanza como refugio de ladrones y asesinos --</subfield>
    <subfield code="t">Trujillo utiliza la legi&#xF3;n extranjera fuera del pa&#xED;s --</subfield>
    <subfield code="t">Se disuelve la legi&#xF3;n extranjera --</subfield>
    <subfield code="t">Perfil y paradero de algunos legionarios --</subfield>
    <subfield code="g">Los Templos Ceremoniales Ind&#xED;genas de los Alrededores de Constanza :</subfield>
    <subfield code="t">El templo de la loma Redonda --</subfield>
    <subfield code="t">El templo de la loma Los Huesos --</subfield>
    <subfield code="t">El templo de la loma Los Amaceyes --</subfield>
    <subfield code="t">Similitudes --</subfield>
    <subfield code="t">Conservaci&#xF3;n --</subfield>
    <subfield code="g">Art&#xED;culos Cortos :</subfield>
    <subfield code="t">El bot&#xF3;n --</subfield>
    <subfield code="t">&#xA1;Salvemos el r&#xED;o Constanza! --</subfield>
    <subfield code="t">Bibliograf&#xED;a --</subfield>
    <subfield code="t">&#xCD;ndice onom&#xE1;stico.</subfield>
  </datafield>
  <datafield tag="650" ind1="1" ind2="4">
    <subfield code="a">Ciudades y pueblos</subfield>
    <subfield code="z">Rep&#xFA;blica Dominicana</subfield>
    <subfield code="9">784</subfield>
  </datafield>
  <datafield tag="650" ind1="1" ind2="4">
    <subfield code="a">Arqueolog&#xED;a ind&#xED;gena</subfield>
    <subfield code="9">5209</subfield>
  </datafield>
  <datafield tag="651" ind1=" " ind2="0">
    <subfield code="a">Constanza (Rep&#xFA;blica Dominicana) </subfield>
    <subfield code="9">5208</subfield>
  </datafield>
  <datafield tag="700" ind1="1" ind2=" ">
    <subfield code="a">Vega, Bernardo,</subfield>
    <subfield code="d">1938 -</subfield>
    <subfield code="9">3222</subfield>
  </datafield>
  <datafield tag="910" ind1=" " ind2=" ">
    <subfield code="a">Validado. Control de calidad EMS.</subfield>
  </datafield>
  <datafield tag="942" ind1=" " ind2=" ">
    <subfield code="2">ddc</subfield>
    <subfield code="c">LBS1</subfield>
  </datafield>
  <datafield tag="952" ind1=" " ind2=" ">
    <subfield code="0">0</subfield>
    <subfield code="1">0</subfield>
    <subfield code="5">4</subfield>
    <subfield code="7">0</subfield>
    <subfield code="8">DS</subfield>
    <subfield code="a">GR</subfield>
    <subfield code="b">GR</subfield>
    <subfield code="c">HD</subfield>
    <subfield code="d">2009-07-17</subfield>
    <subfield code="i">LF1</subfield>
    <subfield code="l">0</subfield>
    <subfield code="o"> </subfield>
    <subfield code="p">1585-30</subfield>
    <subfield code="r">2020-06-25</subfield>
    <subfield code="t">e. 3</subfield>
    <subfield code="w">2020-06-25</subfield>
    <subfield code="y">LFDS</subfield>
    <subfield code="Z">Pr&#xE9;stamo en sala</subfield>
  </datafield>
  <datafield tag="952" ind1=" " ind2=" ">
    <subfield code="0">0</subfield>
    <subfield code="1">0</subfield>
    <subfield code="5">4</subfield>
    <subfield code="7">0</subfield>
    <subfield code="8">DS</subfield>
    <subfield code="a">GR</subfield>
    <subfield code="b">GR</subfield>
    <subfield code="c">HD</subfield>
    <subfield code="d">2009-07-17</subfield>
    <subfield code="i">LF1</subfield>
    <subfield code="l">0</subfield>
    <subfield code="o"> </subfield>
    <subfield code="p">1585-40</subfield>
    <subfield code="r">2020-06-25</subfield>
    <subfield code="t">e. 4</subfield>
    <subfield code="w">2020-06-25</subfield>
    <subfield code="y">LFDS</subfield>
    <subfield code="Z">Pr&#xE9;stamo en sala</subfield>
  </datafield>
  <datafield tag="952" ind1=" " ind2=" ">
    <subfield code="0">0</subfield>
    <subfield code="1">0</subfield>
    <subfield code="5">4</subfield>
    <subfield code="7">0</subfield>
    <subfield code="8">DS</subfield>
    <subfield code="a">GR</subfield>
    <subfield code="b">GR</subfield>
    <subfield code="c">HD</subfield>
    <subfield code="d">2009-07-17</subfield>
    <subfield code="i">LF1</subfield>
    <subfield code="l">0</subfield>
    <subfield code="o"> </subfield>
    <subfield code="p">1585-50</subfield>
    <subfield code="r">2020-06-25</subfield>
    <subfield code="t">e. 5</subfield>
    <subfield code="w">2020-06-25</subfield>
    <subfield code="y">LFDS</subfield>
    <subfield code="Z">Pr&#xE9;stamo en sala</subfield>
  </datafield>
  <datafield tag="952" ind1=" " ind2=" ">
    <subfield code="0">0</subfield>
    <subfield code="1">0</subfield>
    <subfield code="7">1</subfield>
    <subfield code="8">PD</subfield>
    <subfield code="a">PD</subfield>
    <subfield code="b">PD</subfield>
    <subfield code="c">HD</subfield>
    <subfield code="d">2009-07-17</subfield>
    <subfield code="i">LF1</subfield>
    <subfield code="l">0</subfield>
    <subfield code="o"> </subfield>
    <subfield code="p">1585-10</subfield>
    <subfield code="r">2020-06-25</subfield>
    <subfield code="w">2020-06-25</subfield>
    <subfield code="y">LFPD</subfield>
    <subfield code="z">Autografiado por el autor, dedicado a la Biblioteca Nacional PHU.</subfield>
    <subfield code="Z">No se presta</subfield>
  </datafield>
  <datafield tag="952" ind1=" " ind2=" ">
    <subfield code="0">0</subfield>
    <subfield code="1">0</subfield>
    <subfield code="7">1</subfield>
    <subfield code="8">PD</subfield>
    <subfield code="a">PD</subfield>
    <subfield code="b">PD</subfield>
    <subfield code="c">HD</subfield>
    <subfield code="d">2009-07-17</subfield>
    <subfield code="i">LF1</subfield>
    <subfield code="l">0</subfield>
    <subfield code="o"> </subfield>
    <subfield code="p">1585-20</subfield>
    <subfield code="r">2020-06-25</subfield>
    <subfield code="t">e. 2</subfield>
    <subfield code="w">2020-06-25</subfield>
    <subfield code="y">LFPD</subfield>
    <subfield code="z">Autografiado por el autor, dedicado a la Biblioteca Nacional PHU.</subfield>
    <subfield code="Z">No se presta</subfield>
  </datafield>
  <datafield tag="999" ind1=" " ind2=" ">
    <subfield code="c">1481</subfield>
    <subfield code="d">1481</subfield>
  </datafield>
</record>
